| 000 | 00392nam a2200145Ia 4500 | ||
|---|---|---|---|
| 008 | 230917s9999||||xx |||||||||||||| ||und|| | ||
| 040 |
_e247383 _aMAIN |
||
| 041 | _aEnglish | ||
| 082 | _a519.287 A58A | ||
| 100 | _aAdlakha, Naveen | ||
| 245 | 0 | _aAnalysis of some reliability models for systems used for communication through satellite | |
| 260 | _c2017 | ||
| 300 | _a125 p. | ||
| 942 | _cTH | ||
| 999 |
_c127779 _d127779 |
||